Top 10 państw produkujących diamenty - Statystyki

Ogólne statystyki
  • Ten quiz został rozwiązany 8 450 razy
  • Średni wynik to 5 z 10
Statystyki odpowiedzi
Karaty Państwo % Poprawnych
6,000,000 Republika Południowej Afryki
79%
21,500,000 Rosja
77%
3,150,000 Demokratyczna Republika Konga
62%
12,000,000 Kanada
56%
7,100,000 Angola
46%
17,300,000 Botswana
46%
1,920,000 Namibia
45%
500,000 Zimbabwe
43%
350,000 Lesotho
31%
500,000 Sierra Leone
13%
Nie znaleziono quizów pasujących do podanych kryteriów
Rozkład punktacji
Procent ludzi z każdym wynikiem
Percentyl według liczby udzielonych odpowiedzi
Twoja historia wyników
Nie rozwiązałeś tego quizu